Reseña leída en la sesión pública inaugural celebrada el día 23 de abril de 1897 / (Record no. 152428)

MARC details
000 -LEADER
campo de control de longitud fija 00767nam a2200169 i 4500
001 - NÚMERO DE CONTROL
campo de control 152428
003 - IDENTIFICADOR DE NÚMERO DE CONTROL
campo de control ES-MaACL
005 - FECHA Y HORA DE LA ÚLTIMA TRANSACCIÓN
campo de control 20230906204735.0
008 - DATOS DE LONGITUD FIJA--INFORMACIÓN GENERAL
campo de control de longitud fija 931025s1897 sp |||| | spa d
100 1# - ENTRADA PRINCIPAL--NOMBRE DE PERSONA
Nombre de persona Borrell y Soler, Antonio María.
9 (RLIN) 30595
245 10 - MENCIÓN DEL TÍTULO
Título Reseña leída en la sesión pública inaugural celebrada el día 23 de abril de 1897 /
Mención de responsabilidad, etc. por el Secretario Antonio María Borrell y Soler.
260 ## - PUBLICACIÓN, DISTRIBUCIÓN, ETC.
Lugar de publicación, distribución, etc. Barcelona :
Nombre del editor, distribuidor, etc. [s.n.],
Fecha de publicación, distribución, etc. 1897 (
Fabricante Imp. Barcelonesa)
300 ## - DESCRIPCIÓN FÍSICA
Extensión 16 p. ;
Dimensiones 27 cm.
500 #1 - NOTA GENERAL
Nota general Precede al tít.: "Academia de Jurisprudencia y Legislación de Barcelona"
710 0# - ENTRADA AGREGADA--NOMBRE DE ENTIDAD CORPORATIVA
Nombre de entidad corporativa o nombre de jurisdicción como elemento de entrada Academia de Jurisprudencia y Legislación de Barcelona.
9 (RLIN) 1182
852 ## - LOCALIZACIÓN
Ubicación ES-MaACL
Número de control de estantería T-820-F-2
Nota libre -- Enc. hol., falto de la enc. original
-- -- Enc. en un vol. facticio
Holdings
Estatus retirado Estado de pérdida Estado de daño No para préstamo Colección Biblioteca de origen Biblioteca actual Ubicación en estantería Fecha de adquisición Total de préstamos Signatura topográfica completa Código de barras Visto por última vez Precio de reemplazo Tipo de ítem Koha
        Colección de folletos Biblioteca del Ateneo de Madrid Biblioteca del Ateneo de Madrid Depósito folletos 17/01/2008   T-820-F-2 1159165 23/02/2023 23/02/2023 Folleto